000
00262 a2200109 4500
001
123771
020
_a
9782011557155
040
_c
Escola Canadense de Niteroi
100
_a
Himber, Céline
245
1
0
_a
Adosphère 2 - Méthode de français - A1.A2
942
_c
BK
999
_c
123771
_d
123771